00610nam a22002417a 450000500170000000800410001702000180005804000070007604100080008308200180009110000160010924500150012525000070014026000400014730000290018736500510021665000190026765000130028665000100029965000170030965000170032670000250034320250910114712.0250910b |||||||| |||| 00| 0 eng d a9789348002976 cAL aeng a346.015bDIWF aParas Diwan aFamily Law a14 aHaryanabAllahabad Law Agencyc2025 axlviii,619pbPBc24x16cm 2Lawa583b637.50c₹d850.00e583f03-09-2025 aSchools of Law aMarriage aDowry aMatrimonial  aMuslim Wakfs aJain, Peeyushi Diwan